Personnalités préférées des français 2024 - Statistiques

Statistiques générales
  • Ce quiz a été pris 113 fois
  • Le résultat moyen est 9 sur 50
Statistiques - réponses
Classement Activité Réponse % Correct
2 Acteur Omar Sy
81%
36 Sportif Kylian Mbappé
77%
32 Sportif Antoine Griezmann
58%
1 Auteur - Compositeur - Interprète Jean-Jacques Goldman
56%
7 Astronaute - Pilote de ligne Thomas Pesquet
54%
17 Sportif - Entraîneur Zinédine Zidane
47%
5 Sportif Léon Marchand
44%
3 Sportif Teddy Riner
40%
11 Politique Marine Lepen
33%
27 Acteur Pierre Niney
32%
10 Politique Jordan Bardella
29%
28 Chef cuisinier - Animateur de télévision Philippe Etchebest
28%
18 Acteur Jean Dujardin
27%
8 Sportif Antoine Dupont
25%
29 Chef cuisinier/pâtissier - Animateur de télévision Cyril Lignac
23%
16 Auteur - Compositeur - Interprète Vianney
23%
33 Auteur - Interprète - Slameur Grand Corps Malade
20%
4 Auteur - Compositeur - Interprète Florent Pagny
17%
21 Animateur de télévision Jean-Luc Reichmann
17%
6 Auteur - Compositeur - Interprète Soprano
17%
15 Animatrice de télévision Karine Le Marchand
12%
34 Auteur - Compositeur - Interprète Renaud
12%
40 Chanteuse Louane
11%
22 Humouriste - Comédienne Florence Foresti
10%
50 Actrice Adèle Exarchopoulos
9%
30 Acteur - Réalisateur Alain Chabat
8%
41 Humouriste - Comédien Gad Elmaleh
8%
49 Acteur - Réalisateur Gilles Lellouche
8%
19 Acteur Dany Boon
6%
38 Animatrice de télévision Faustine Bollaert
6%
43 Actrice - Comédienne Mimie Mathy
6%
23 Acteur Christian Clavier
5%
44 Auteure - Compositrice - Interprète Clara Luciani
4%
13 Acteur Jean Reno
4%
45 Acteur - Réalisateur - Humouriste Kad Merad
4%
14 Actrice Sophie Marceau
4%
37 Auteur - Compositeur - Interprète Julien Doré
3%
12 Auteur - Compositeur - Interprète Michel Sardou
3%
25 Auteure - Compositrice - Interprète Mylène Farmer
3%
48 Animateur de télévision Stéphane Bern
3%
47 Actrice Alexandra Lamy
2%
9 Auteur- Compositeur - Interprète Francis Cabrel
2%
46 Actrice - Réalisatrice Josiane Balasko
2%
20 Auteur - Compositeur - Interprète Eddy Mitchell
1%
26 Acteur Pierre Richard
1%
42 Actrice Virginie Efira
1%
35 Auteur - Compositeur - Interprète Alain Souchon
0%
31 Sportif * Alexis et Félix Lebrun
0%
24 Actrice Audrey Fleurot
0%
39 Acteur Fabrice Luchini
0%
Aucun quiz correspondant
Distribution des résultats
% des personnes avec chaque résultat
Percentile par nombre de réponses
Votre historique - résultats
Vous n’avez pas pris ce quiz